000 00239nam a22000977a 4500
008 170105b xxu||||| |||| 00| 0 eng d
041 _aeng
080 _21st
_a618.2
245 _aNCLEX-RN CONTENT REVIEW GUIDE
_cKAPLAN NURSING
942 _2udc
_cBK
999 _c2537
_d2537